MARC

Tag First Indicator Second Indicator Subfields
LEADER 00000cam a2200000 i 4500
001 in00002781246
005 20150922121053.0
008 120702t20122012riu b 001 0 eng
010 |a  2012020950 
020 |a 9780821889817 (alk. paper) 
020 |a 0821889818 (alk. paper) 
035 |a (OCoLC)ocn798437795 
040 |a DLC  |b eng  |e rda  |c DLC  |d YDX  |d OCLCO  |d BTCTA  |d YDXCP  |d MYG  |d BWX  |d TXA  |d UtOrBLW 
041 1 |a eng  |h rus 
042 |a pcc 
049 |a TXAM 
050 0 0 |a QA295  |b .K8513 2012 
082 0 0 |a 515/.983  |2 23 
084 |a 35A23  |a 35B50  |a 35J47  |a 35K40  |a 31B10  |a 35J30  |a 35Q35  |a 35Q74  |2 msc 
100 1 |a Kresin, Gershon,  |e author. 
240 1 0 |a O print︠s︡ipe maksimuma dli︠a︡ silʹno ėllipticheskikh i parabolicheskikh sistem vtorogo pori︠a︡dka s postoi︠a︡nnymi koėffit︠s︡ientami.  |l English 
245 1 0 |a Maximum principles and sharp constants for solutions of elliptic and parabolic systems /  |c Gershon Kresin, Vladimir Maz'ya. 
264 1 |a Providence, Rhode Island :  |b American Mathematical Society,  |c [2012] 
264 4 |c ©2012 
300 |a vii, 317 pages ;  |c 26 cm. 
336 |a text  |b txt  |2 rdacontent 
337 |a unmediated  |b n  |2 rdamedia 
338 |a volume  |b nc  |2 rdacarrier 
490 1 |a Mathematical surveys and monographs ;  |v volume 183 
504 |a Includes bibliographical references (pages 297-306) and index. 
650 0 |a Inequalities (Mathematics) 
650 0 |a Maximum principles (Mathematics) 
650 7 |a Partial differential equations -- General topics -- Inequalities involving derivatives and differential and integral operators, inequalities for integrals.  |2 msc 
650 7 |a Partial differential equations -- Qualitative properties of solutions -- Maximum principles.  |2 msc 
650 7 |a Partial differential equations -- Elliptic equations and systems -- Second-order elliptic systems.  |2 msc 
650 7 |a Partial differential equations -- Parabolic equations and systems -- Second-order parabolic systems.  |2 msc 
650 7 |a Potential theory -- Higher-dimensional theory -- Integral representations, integral operators, integral equations methods.  |2 msc 
650 7 |a Partial differential equations -- Elliptic equations and systems -- Higher-order elliptic equations.  |2 msc 
650 7 |a Partial differential equations -- Equations of mathematical physics and other areas of application -- PDEs in connection with fluid mechanics.  |2 msc 
650 7 |a Partial differential equations -- Equations of mathematical physics and other areas of application -- PDEs in connection with mechanics of deformable solids.  |2 msc 
700 1 |a Mazʹi︠a︡, V. G.,  |e author. 
830 0 |a Mathematical surveys and monographs ;  |v no. 183. 
948 |a cataloged  |b h  |c 2012/9/28  |d c  |e ceaton  |f 2:25:10 pm 
994 |a C0  |b TXA 
999 |a MARS 
999 f f |s 8dbf0332-e343-3428-bbf9-39c97143ea52  |i d59a9f8f-d9a0-3b29-bccc-72e4a62b16f9  |t 0 
952 f f |p normal  |a Texas A&M University  |b College Station  |c Sterling C. Evans Library  |d Evans: Library Stacks  |t 0  |e QA295 .K8513 2012  |h Library of Congress classification  |i unmediated -- volume  |m A14841525529 
998 f f |a QA295 .K8513 2012  |t 0  |l Evans: Library Stacks